header

Language and identity in the Israel-Palestine conflict (Record no. 238354)

MARC details
000 -LEADER
fixed length control field 01376nam a2200325 a 4500
100 1# - MAIN ENTRY--AUTHOR NAME
Personal name Suleiman, Camelia.
245 10 - TITLE STATEMENT
Title Language and identity in the Israel-Palestine conflict
260 ## - PUBLICATION, DISTRIBUTION, ETC. (IMPRINT)
Place of publication London :
Name of publisher I.B. Tauris,
Year of publication 2011.
300 ## - PHYSICAL DESCRIPTION
Number of Pages viii, 237 p.
490 1# - SERIES STATEMENT
Series statement Library of modern Middle East studies ;
650 #0 - SUBJECT ADDED ENTRY--TOPICAL TERM
Topical Term Self-perception
Topical Term Self-perception
Topical Term Arab-Israeli conflict.
856 40 - ELECTRONIC LOCATION AND ACCESS
Uniform Resource Identifier http://site.ebrary.com/lib/rucke/Doc?id=10522050

No items available.

© 2026 Rongo University
Contact us: librarian | system librarian | Rongo university